000 00667pam a2200229 a 4500
001 3925252
005 20180302041502.0
008 921201s1993 ctu b 001 0 eng
010 _a 92044530
020 _a0300055374
040 _aDLC
_cDLC
_dDLC
041 _aeng
080 _a306.89
082 0 0 _a306.89 GOO
_220
100 1 _a50
101 _aSOC
245 1 0 _aWorld changes in divorce patterns /
_cWilliam J. Goode
504 _aIncludes bibliographical references and index.
906 _a7
_bcbc
_corignew
_d1
_eocip
_f19
_gy-gencatlg
942 _2ddc
_cBK
999 _c43960
_d43960